LIBRARY & INFORMATION CENTRE, KCAET, TAVANUR

ONLINE PUBLIC ACCESS CATALOGUE (OPAC)

Heat and thermodynamics / (Record no. 9034)

MARC details
000 -LEADER
fixed length control field 00481cam a2200181ua 4500
020 ## - INTERNATIONAL STANDARD BOOK NUMBER
ISBN 07 066647 4
041 ## - LANGUAGE CODE
Language code of text/sound track or separate title eng
082 ## - DEWEY DECIMAL CLASSIFICATION NUMBER
Classification number 621.4021
Item number ZEM/HE
100 ## - MAIN ENTRY--AUTHOR NAME
Personal name Zemonsky, W Mark .
245 ## - TITLE STATEMENT
Title Heat and thermodynamics /
250 ## - EDITION STATEMENT
Edition statement 6 /
260 ## - PUBLICATION, DISTRIBUTION, ETC. (IMPRINT)
Place of publication Singapore :
Name of publisher McGraw-Hill International Book Company ,
Year of publication 1981.
300 ## - PHYSICAL DESCRIPTION
Number of Pages 543 ; .
700 1# - ADDED ENTRY--PERSONAL NAME
Personal name Dittman, Richard H .
942 ## - ADDED ENTRY ELEMENTS (KOHA)
Koha item type Books
Holdings
Withdrawn status Lost status Damaged status Home library Current library Date acquired Full call number Accession Number Koha item type
      KAUAET KAUAET 25/03/1987 621.4021 16078 Books
free website counter